[Event "AUTO-MASTER-529"]
[Site "http://www.queenalice.com/game.php?id=406576"]
[Date "2008.5.22"]
[Round "1"]
[White "Toru"]
[Black "vwine"]
[Result "0-1"]
[WhiteElo "1923"]
[BlackElo "2086"]

1. d4 d5 2. c4 e6 3. Nf3 c5 4. e3 Nf6 5. Nc3 Nc6 6. cxd5 exd5 7. Bb5 Bd6 8. O-O
O-O 9. Re1 Re8 10. dxc5 Bxc5 11. Nd4 Qc7 12. Nb3 Bb4 13. Bd2 a6 14. Bd3 Bd6 15.
Rc1 Bxh2+ 16. Kh1 Bg4 17. Nxd5 Nxd5 18. Qxg4 Nf6 19. Qh3 Be5 20. Bc3 Qd7 21.
Qxd7 Nxd7 22. Bf5 Nf6 23. Nc5 Bxc3 24. Rxc3 Ne7 25. Bh3 g5 26. Nxb7 g4 27. Nd6
Red8 0-1

[Event "AUTO-MASTER-529"]
[Site "http://www.queenalice.com/game.php?id=406577"]
[Date "2008.5.22"]
[Round "1"]
[White "vwine"]
[Black "Toru"]
[Result "0-1"]
[WhiteElo "2089"]
[BlackElo "2006"]

1. d4 d5 2. c4 c6 3. Nc3 Nf6 4. Nf3 e6 5. Bg5 Be7 6. e3 Nbd7 7. Bd3 O-O 8. O-O
b6 9. Qc2 h6 10. Bh4 Bb7 11. Rfe1 Rc8 12. Rad1 dxc4 13. Bxc4 Nd5 14. Bxe7 Qxe7
15. a3 Nxc3 16. Qxc3 c5 17. Be2 cxd4 18. Qxd4 Nf6 19. b4 Rfd8 20. Qa1 Nd5 21.
Rc1 Rxc1 22. Rxc1 Nf6 23. Ne1 Qd6 24. f3 Qd2 25. Rd1 Qxe3+ 26. Kf1 Rxd1 27. Qxd1
Nd5 28. Qa4 Qxe2+ 29. Kxe2 Nc3+ 30. Ke3 Nxa4 31. Kd3 Kf8 32. Kc4 a6 33. Nd3 Bd5+
34. Kd4 Ke7 35. Ne1 Kd6 36. g3 e5+ 37. Kd3 b5 38. Ke3 Nb2 39. Nc2 Bb3 40. Ne1 f5
41. Kd2 Nc4+ 42. Kc3 Bd1 0-1

[Event "AUTO-MASTER-529"]
[Site "http://www.queenalice.com/game.php?id=406588"]
[Date "2008.5.22"]
[Round "1"]
[White "arauca"]
[Black "vwine"]
[Result "1-0"]
[WhiteElo "2164"]
[BlackElo "2107"]

1. e4 e5 2. d4 exd4 3. Nf3 Nc6 4. Nxd4 Nf6 5. Nxc6 bxc6 6. e5 Qe7 7. Qe2 Nd5 8.
c4 Ba6 9. b3 g6 10. g3 Bg7 11. Bb2 O-O 12. Bg2 Nb6 13. O-O d5 14. Re1 Rad8 15.
Qd2 Rfe8 16. Qa5 Bc8 17. cxd5 cxd5 18. Nd2 c6 19. Rac1 Qc7 20. f4 Rf8 21. Rc5
Be6 22. Rec1 Na8 23. Qxc7 Nxc7 24. Rxc6 Na8 25. Nf3 Rde8 26. Ba3 Bd7 27. Bxf8
Bxc6 28. Bxg7 Kxg7 29. Rxc6 Re7 30. Nd4 Rd7 31. a4 Rc7 32. Bxd5 Rxc6 33. Bxc6
Nc7 34. b4 f5 35. b5 Kf7 36. a5 Ke7 37. b6 axb6 38. axb6 Na6 39. b7 Nb8 40. Bb5
Kd8 41. Nc6+ Nxc6 42. Bxc6 Kc7 43. e6 1-0

[Event "AUTO-MASTER-529"]
[Site "http://www.queenalice.com/game.php?id=406589"]
[Date "2008.5.22"]
[Round "1"]
[White "vwine"]
[Black "arauca"]
[Result "1/2-1/2"]
[WhiteElo "2079"]
[BlackElo "2218"]

1. d4 Nf6 2. c4 g6 3. Nc3 d5 4. Nf3 Bg7 5. Bg5 Ne4 6. cxd5 Nxg5 7. Nxg5 e6 8.
Nf3 exd5 9. e3 O-O 10. b4 Qd6 11. Qb3 c6 12. Be2 Na6 13. a3 Nc7 14. O-O Bf5 15.
Nh4 Be6 16. f4 f5 17. Nf3 a5 18. Bd3 axb4 19. axb4 b5 20. Ne5 Ra6 21. Qc2 Rfa8
22. Ra2 Rxa2 23. Nxa2 Bxe5 24. fxe5 Qe7 25. Ra1 Bd7 26. Rb1 Ne6 27. Rf1 Rf8 28.
Qb1 Kg7 29. Nc3 f4 30. exf4 Nxf4 31. Ne2 Ne6 32. Qb2 Qh4 33. Rxf8 Kxf8 34. Qc3
Kg7 35. h3 Qg5 36. Kh1 Qe3 37. Kh2 h5 38. Kh1 h4 39. Kh2 Kh6 40. Kh1 Kg5 41. Kh2
Nf4 42. Nxf4 Kxf4 43. Qc2 g5 44. Qd1 Qg3+ 45. Kh1 Qe3 46. Kh2 Qg3+ 47. Kh1 Qe3
48. Kh2 1/2-1/2

[Event "AUTO-MASTER-529"]
[Site "http://www.queenalice.com/game.php?id=406596"]
[Date "2008.5.22"]
[Round "1"]
[White "vwine"]
[Black "leduar"]
[Result "0-1"]
[WhiteElo "2185"]
[BlackElo "1940"]

1. d4 Nf6 2. f3 d5 3. e4 dxe4 4. Nc3 Nc6 5. Be3 e6 6. a3 exf3 7. Nxf3 h6 8. Bb5
Bd7 9. O-O a6 10. Ba4 b5 11. Bb3 Na5 12. Ba2 b4 13. axb4 Bxb4 14. Ne2 Bb5 15. c3
Bd6 16. Nd2 Ng4 17. Bf4 Bxf4 18. Rxf4 Ne3 19. Qc1 Bxe2 20. Re4 Qg5 21. g3 O-O
22. Re5 f5 23. Bxe6+ Kh7 24. Rexa5 h5 25. Nc4 Bxc4 26. Bxc4 h4 27. Re5 Rae8 28.
Bd3 Rxe5 29. dxe5 g6 30. b4 hxg3 31. Ra2 gxh2+ 32. Kh1 Qg3 33. Rxh2+ Kg7 34. Qd2
Rh8 35. Rxh8 Kxh8 36. Qh2+ Qxh2+ 37. Kxh2 Ng4+ 38. Kg3 Nxe5 39. Bxa6 Kg7 40. Be2
Kf6 41. c4 g5 42. c5 f4+ 43. Kf2 Kf5 44. b5 Ke6 45. b6 cxb6 46. cxb6 Kd6 47. Bb5
g4 48. b7 Kc7 49. Ba6 g3+ 50. Kg2 Nd7 51. Kf3 Nc5 52. Bf1 Ne6 53. Ba6 Kb8 54.
Bc4 Ng5+ 55. Kg2 Kxb7 56. Be2 Kc6 57. Bd1 Kd5 58. Be2 Kd4 59. Bb5 Ke3 60. Bc4
Nf3 0-1

[Event "AUTO-MASTER-529"]
[Site "http://www.queenalice.com/game.php?id=406597"]
[Date "2008.5.22"]
[Round "1"]
[White "leduar"]
[Black "vwine"]
[Result "1/2-1/2"]
[WhiteElo "1915"]
[BlackElo "2105"]

1. e4 e5 2. Nf3 Nc6 3. Bb5 Nge7 4. Nc3 a6 5. Bxc6 Nxc6 6. d4 d6 7. dxe5 Nxe5 8.
Nxe5 dxe5 9. Qxd8+ Kxd8 10. Be3 Be6 11. O-O-O+ Ke8 12. a3 Bd6 13. g3 f6 14. Na4
Ke7 15. Bc5 Rhd8 16. Bxd6+ Rxd6 17. Nc5 Rxd1+ 18. Rxd1 Bg4 19. Rd3 b6 20. Na4
Rd8 21. Rxd8 Kxd8 22. Kd2 Ke7 23. Nc3 a5 24. Nd5+ Kd6 25. c4 h6 26. Ke3 Bd7 27.
b4 axb4 28. axb4 b5 29. c5+ Kc6 30. Ne7+ Kb7 31. Kf3 c6 32. g4 Kc7 33. Ng6 Kd8
34. Kg3 Be8 35. Nh4 g6 36. Nf3 Ke7 37. Nd2 Ke6 38. f3 f5 39. gxf5+ gxf5 40.
exf5+ Kxf5 41. Ne4 Ke6 42. Nc3 Bg6 43. Kg4 Bf5+ 44. Kh5 Bh3 45. Kxh6 Kf5 46. Ne4
Bg2 47. Nd2 Kf4 48. h4 Bxf3 49. Nxf3 Kxf3 50. Kg5 e4 51. h5 e3 52. h6 e2 53. h7
e1=Q 54. h8=Q Qxb4 55. Qh1+ Ke3 56. Qxc6 Kd4 57. Qd6+ Kc4 58. Qe6+ Kxc5 59. Qe7+
Kc4 60. Qe4+ Kb3 1/2-1/2

[Event "AUTO-OPEN-1440"]
[Site "http://www.queenalice.com/game.php?id=539729"]
[Date "2009.2.13"]
[Round "1"]
[White "vwine"]
[Black "dhiratsuka"]
[Result "1-0"]
[WhiteElo "2055"]
[BlackElo "1519"]

1. e4 d5 2. exd5 Qxd5 3. Nc3 Qd4 4. Nf3 Qd8 5. Bc4 c6 6. O-O Be6 7. Bxe6 fxe6 8.
Ne5 Qc7 9. Qh5+ g6 10. Nxg6 Nf6 11. Qh3 Rg8 12. Nxf8 Kxf8 13. Qxe6 c5 14. Nd5
Nxd5 15. Qxd5 Qc6 16. Qf5+ Ke8 17. g3 Nd7 18. Qxh7 Nf6 19. Qf5 Ne4 20. d3 Qg6
21. Qxg6+ Rxg6 22. dxe4 Rd8 23. Be3 b6 24. c4 e5 25. Rad1 Rxd1 26. Rxd1 Rg4 27.
f3 Rg7 28. Kf2 Ke7 29. h4 Ke6 30. h5 Rh7 31. h6 Rh8 32. g4 Kf6 33. g5+ Kg6 34.
Rd6+ Kh5 35. g6 Rb8 36. h7 a5 37. g7 b5 38. h8=Q+ Rxh8 39. gxh8=Q# 1-0

[Event "AUTO-OPEN-1440"]
[Site "http://www.queenalice.com/game.php?id=539730"]
[Date "2009.2.13"]
[Round "1"]
[White "dhiratsuka"]
[Black "vwine"]
[Result "0-1"]
[WhiteElo "1489"]
[BlackElo "2055"]

1. d4 d5 2. Qd2 Nc6 3. c3 Nf6 4. Nf3 Bg4 5. Ng5 h6 6. f3 Bh5 7. g4 Bg6 8. h4 Qd6
9. Kf2 hxg5 10. Qxg5 Bxb1 11. Rxb1 g6 12. Bf4 Qd7 13. h5 gxh5 14. gxh5 Bh6 15.
Qh4 Bxf4 16. Qxf4 Nxh5 17. Rd1 O-O-O 18. Qxf7 Qe8 19. Bh3+ Kb8 20. Qf5 Rd6 21.
Bg4 Ng7 22. Rxh8 Qxh8 23. Qg5 e6 24. Kg2 a6 25. a3 Na5 26. b4 Nc4 27. Rh1 Qf8
28. Rh7 Nf5 29. Bh5 Nxa3 30. Rf7 Qh8 31. e4 dxe4 32. fxe4 Ne3+ 33. Kf3 Nd1 34.
Qe5 Qxe5 35. dxe5 Rc6 36. Rf8+ Ka7 37. Kg3 Rxc3+ 38. Kf4 Nb2 39. Re8 Nd3+ 40.
Kg5 Nxe5 41. Rxe6 Nc6 42. Bg4 Nxb4 43. e5 Nc6 44. Kf6 Re3 45. Re7 Nxe7 46. e6
Nc6 47. Bh5 a5 48. Be8 Nb5 49. Bxc6 bxc6 50. e7 Nd6 51. e8=Q Nxe8+ 52. Kf7 a4
53. Kf8 a3 54. Kf7 a2 55. Kf8 a1=Q 56. Kf7 Qg7# 0-1

[Event "AUTO-OPEN-1440"]
[Site "http://www.queenalice.com/game.php?id=539731"]
[Date "2009.2.13"]
[Round "1"]
[White "vwine"]
[Black "thw"]
[Result "0-1"]
[WhiteElo "2055"]
[BlackElo "1858"]

1. d4 e6 2. c4 d5 3. Nc3 Nf6 4. Bg5 Nbd7 5. Nf3 c6 6. e4 dxe4 7. Nxe4 Be7 8. Nc3
h6 9. Bh4 O-O 10. Bd3 b6 11. O-O Bb7 12. Re1 c5 13. dxc5 Nxc5 14. Ne5 Nxd3 15.
Qxd3 Qxd3 16. Nxd3 Rfd8 17. Rad1 Rd4 18. Bxf6 Bxf6 19. b3 Rad8 20. Nc1 Rxd1 21.
Nxd1 Rd2 22. a3 Rc2 23. Ne3 Rc3 24. h4 Bxh4 25. a4 Bg5 26. Kf1 Bxe3 27. fxe3 Rc2
28. Ne2 Rb2 29. Rd1 Rxb3 30. Rd8+ Kh7 31. Rd7 Ba6 32. Rxa7 Bxc4 33. Rc7 b5 34.
axb5 Bxb5 35. Kf2 Rb2 36. Kf3 Bxe2+ 37. Kg3 Bh5 0-1

[Event "AUTO-OPEN-1440"]
[Site "http://www.queenalice.com/game.php?id=539732"]
[Date "2009.2.13"]
[Round "1"]
[White "thw"]
[Black "vwine"]
[Result "0-1"]
[WhiteElo "1921"]
[BlackElo "2023"]

1. e4 e5 2. Nf3 Nc6 3. Bb5 Nge7 4. O-O a6 5. Bxc6 Nxc6 6. Nc3 Bc5 7. d3 d6 8. h3
O-O 9. Qe2 Ne7 10. Be3 Bxe3 11. Qxe3 Re8 12. Ne2 Ng6 13. Ng3 d5 14. exd5 Qxd5
15. Rfe1 Bd7 16. Qe4 Qb5 17. b3 Bc6 18. Qe3 h6 19. a4 Qb4 20. Nf5 Re6 21. Qd2
Qf4 22. Qxf4 Nxf4 23. Rxe5 Bxf3 24. Rxe6 fxe6 0-1

[Event "AUTO-OPEN-1440"]
[Site "http://www.queenalice.com/game.php?id=570246"]
[Date "2009.4.11"]
[Round "2"]
[White "bugiaitoc"]
[Black "vwine"]
[Result "1-0"]
[WhiteElo "2163"]
[BlackElo "2038"]

1. e4 e6 2. d3 d5 3. Nd2 Nf6 4. Ngf3 Nc6 5. g3 dxe4 6. dxe4 e5 7. Bg2 Bc5 8. O-O
O-O 9. c3 a5 10. Qc2 b6 11. Nb3 Ba6 12. Rd1 Qe7 13. h3 Rad8 14. Bg5 Rd6 15. Rxd6
cxd6 16. Rd1 h6 17. Nxc5 dxc5 18. Be3 Rd8 19. Nh4 Bc8 20. Kh2 Qc7 21. f4 Re8 22.
f5 Nh7 23. Rd2 Nf8 24. Qd1 f6 25. Bf1 Kh7 26. Bb5 Rd8 27. Rxd8 Nxd8 28. Bc4 Nf7
29. Qd5 Kg8 30. Ng6 Bb7 31. Qxf7+ Qxf7 32. Ne7+ Kh7 33. Bxf7 Bxe4 34. g4 b5 35.
Bxc5 Nd7 36. Be3 Bd3 37. Be8 Nf8 38. Nc6 b4 39. Bc5 bxc3 40. bxc3 Bb5 41. Bxf8
a4 42. Bc5 Kh8 43. Bd7 Kh7 44. Nxe5 Bxd7 45. Nxd7 1-0

[Event "AUTO-OPEN-1440"]
[Site "http://www.queenalice.com/game.php?id=570247"]
[Date "2009.4.11"]
[Round "2"]
[White "vwine"]
[Black "bugiaitoc"]
[Result "1-0"]
[WhiteElo "2026"]
[BlackElo "2171"]

1. d4 Nf6 2. c4 c5 3. d5 b5 4. cxb5 a6 5. e3 e6 6. Nc3 Bb7 7. Nge2 Nxd5 8. e4
Nb6 9. Nf4 g6 10. b3 Bg7 11. Bb2 O-O 12. Qd6 Bxe4 13. Rd1 axb5 14. Bxb5 Bd4 15.
Rxd4 Bxg2 16. Nxg2 cxd4 17. Qxd4 f6 18. a4 d5 19. Qd2 N8d7 20. Nf4 Qe7 21. Kf1
Ne5 22. Nce2 g5 23. Qe3 Rab8 24. Rg1 Kh8 25. Bxe5 gxf4 26. Bxf4 e5 27. Bh6 Rg8
28. Nd4 Rxg1+ 29. Kxg1 Rg8+ 30. Kf1 Qf7 31. Nf5 d4 32. Qf3 Qg6 33. Nd6 Qb1+ 34.
Ke2 Qc2+ 35. Bd2 Qg6 36. Qb7 Qg4+ 37. f3 Qg2+ 38. Kd1 Qg1+ 39. Kc2 d3+ 40. Bxd3
Qc5+ 41. Nc4 1-0

[Event "AUTO-OPEN-1440"]
[Site "http://www.queenalice.com/game.php?id=570256"]
[Date "2009.4.11"]
[Round "2"]
[White "vwine"]
[Black "proficio"]
[Result "1-0"]
[WhiteElo "2061"]
[BlackElo "1946"]

1. d4 Nf6 2. Bg5 Ne4 3. Bf4 d5 4. e3 Nc6 5. f3 Nd6 6. Nc3 e6 7. e4 Qe7 8. a3 g6
9. exd5 exd5+ 10. Qe2 Qxe2+ 11. Bxe2 Be6 12. O-O-O a6 13. Na2 O-O-O 14. Nb4 Nxb4
15. axb4 Ne8 16. b5 a5 17. Nh3 Bxh3 18. gxh3 Bd6 19. Bd2 a4 20. c4 Be7 21. c5
Kd7 22. Kc2 Ra8 23. Ra1 Ng7 24. Bd1 Nf5 25. Kd3 Nh4 26. f4 Bf6 27. Bxa4 c6 28.
bxc6+ bxc6 29. b4 Rhb8 30. b5 cxb5 31. Bxb5+ Kc7 32. Ba5+ Kc8 33. Rhe1 Ra7 34.
Re8+ Kb7 35. c6+ Ka8 36. c7 1-0

[Event "AUTO-OPEN-1440"]
[Site "http://www.queenalice.com/game.php?id=570257"]
[Date "2009.4.11"]
[Round "2"]
[White "proficio"]
[Black "vwine"]
[Result "0-1"]
[WhiteElo "1959"]
[BlackElo "2049"]

1. e4 e6 2. d4 d5 3. e5 c5 4. c3 Nc6 5. Bb5 Qb6 6. Ba4 cxd4 7. cxd4 Bd7 8. Nf3
Nge7 9. O-O Nf5 10. Bxc6 bxc6 11. a3 c5 12. Be3 Qxb2 13. Nbd2 cxd4 14. Bf4 Qb6
15. Nb3 Ba4 16. Nfd2 Ne3 17. fxe3 dxe3 18. Bxe3 Qxe3+ 19. Kh1 Qxe5 20. Qf3 Qc7
21. Nd4 Bd6 22. h3 O-O 23. Qe2 Be5 24. Rac1 Qd6 25. Qd3 Bd7 26. N2f3 Bf6 27. Rc3
e5 28. Nf5 Bxf5 29. Qxf5 e4 30. Rb3 exf3 31. Rfxf3 Rfe8 0-1

[Event "AUTO-OPEN-1440"]
[Site "http://www.queenalice.com/game.php?id=570258"]
[Date "2009.4.11"]
[Round "2"]
[White "vwine"]
[Black "Granger2009"]
[Result "1-0"]
[WhiteElo "2038"]
[BlackElo "1563"]

1. e4 e5 2. Nf3 Nc6 3. Bb5 a6 4. Ba4 Nf6 5. Qe2 b5 6. Bb3 Bc5 7. c3 O-O 8. O-O
d6 9. h3 Bd7 10. Rd1 h6 11. a4 b4 12. a5 Rb8 13. d4 bxc3 14. Bxf7+ Rxf7 15. dxc5
cxb2 16. Bxb2 Nxe4 17. Qxe4 Rxb2 18. cxd6 cxd6 19. Rxd6 Qc7 20. Rd5 1-0

[Event "AUTO-OPEN-1440"]
[Site "http://www.queenalice.com/game.php?id=570259"]
[Date "2009.4.11"]
[Round "2"]
[White "Granger2009"]
[Black "vwine"]
[Result "0-1"]
[WhiteElo "1563"]
[BlackElo "2038"]

1. e4 e5 2. Nf3 Nc6 3. Bc4 Bc5 4. O-O Nf6 5. d3 O-O 6. c3 d6 7. b4 Bb6 8. a4 a6
9. a5 Ba7 10. Be3 Bd7 11. Nbd2 Ne7 12. Bxa7 Rxa7 13. Bb3 c6 14. Ng5 d5 15. f4
exf4 16. e5 Ng4 17. Rxf4 Ng6 0-1

[Event "AUTO-OPEN-1440"]
[Site "http://www.queenalice.com/game.php?id=676629"]
[Date "2009.11.2"]
[Round "3"]
[White "vwine"]
[Black "bugiaitoc"]
[Result "1-0"]
[WhiteElo "2077"]
[BlackElo "2186"]

1. d4 Nf6 2. c4 c5 3. d5 b5 4. cxb5 a6 5. e3 g6 6. Nc3 Bg7 7. a4 O-O 8. e4 d6 9.
Nf3 Bb7 10. Bc4 axb5 11. Bxb5 Na6 12. O-O Nb4 13. Re1 Ne8 14. e5 dxe5 15. Ne4
Rc8 16. a5 Qxd5 17. Nc3 Qxd1 18. Rxd1 Nd6 19. a6 Bxf3 20. gxf3 Ra8 21. Bf1 Nc2
22. Ra5 Rfc8 23. Nd5 Ra7 24. Nxe7+ Rxe7 25. Rxd6 Ra7 26. Rxc5 1-0

[Event "AUTO-OPEN-1440"]
[Site "http://www.queenalice.com/game.php?id=676630"]
[Date "2009.11.2"]
[Round "3"]
[White "bugiaitoc"]
[Black "vwine"]
[Result "1-0"]
[WhiteElo "2190"]
[BlackElo "2089"]

1. e4 c6 2. d4 d5 3. Nc3 dxe4 4. Nxe4 Nd7 5. Bd3 Ngf6 6. Ng5 e6 7. Qe2 Bd6 8.
N1f3 Qe7 9. Ne5 O-O 10. f4 Bc7 11. O-O c5 12. Be3 cxd4 13. Bxd4 Bb6 14. Bxb6
Nxb6 15. Rf3 h6 16. Rh3 Nbd5 17. Rf1 Qc5+ 18. Kh1 Qd4 19. c3 Nxf4 20. cxd4 Nxe2
21. Ngxf7 Nxd4 22. Rxf6 Rxf7 23. Rxf7 Nf5 24. Bxf5 exf5 25. Rg3 g5 26. Rh3 Be6
27. Re7 Rc8 28. Kg1 Rc1+ 29. Kf2 Rc2+ 30. Ke1 Bxa2 31. Rxh6 Rc5 32. Ng6 Bf7 33.
Rh8+ Kg7 34. Rf8 Rb5 35. Rfxf7+ Kxg6 36. Rxb7 Rxb2 37. Rxb2 Kxf7 38. Rb7+ Kg6
39. Rxa7 1-0

[Event "Challenge"]
[Site "http://www.queenalice.com/game.php?id=689267"]
[Date "2009.11.26"]
[Round "-"]
[White "vwine"]
[Black "jorm"]
[Result "1-0"]
[WhiteElo "2086"]
[BlackElo "1752"]

1. d4 d5 2. c4 e6 3. Nc3 c6 4. e4 dxe4 5. Nxe4 h6 6. Nf3 Nf6 7. Bd3 Be7 8. O-O
O-O 9. Nxf6+ Bxf6 10. Bc2 Na6 11. Qd3 g6 12. a3 b6 13. Bxh6 Bg7 14. Qe3 Qf6 15.
Bg5 Bh6 16. Bxh6 Rd8 17. Bg5 Qg7 18. Bxd8 f6 19. Qf4 f5 20. Qg5 Bd7 21. Ne5 Be8
22. Bf6 Qh7 23. f4 Rc8 24. Rf3 Qh5 25. Rh3 Qxh3 26. gxh3 Rc7 27. Nxg6 1-0